Statistics for Shingeki no Kyojin (Attack on Titan) Characters

Click here to take the quiz!

General Stats

  • This quiz has been taken 1,905 times
  • The average score is 14 of 48

Answer Stats

DescriptionName% Correct
Main protagonistEren Jaeger
92%
Protagonist's "sister"Mikasa Ackermann
89%
Survey Corps Special Ops Squad LeaderLevi
82%
Protagonist's best friendArmin Arlert
72%
Protagonist's fatherGrisha Jaeger
69%
Protagonist's motherCarla Jaeger
64%
Survey Corps CommanderErwin Smith
58%
104th Trainees Squad (9th)Sasha Braus
58%
104th Trainees Squad (2nd)Reiner Braun
57%
104th Trainees Squad (4th)Annie Leonhardt
56%
104th Trainees Squad (8th)Connie Springer
55%
Survey Corps member (leader of a squad)Hanji Zoe
54%
104th Trainees Squad (bff of 10th)Ymir
54%
104th Trainees Squad (10th)Historia Reiss
53%
104th Trainees Squad (3rd)Bertholdt Huber
46%
Garrison memberHannes
46%
104th Trainees Squad (6th)Jean Kirschtein
46%
104th Trainees Squad (7th)Marco Bodt
38%
Garrison Commander of the SouthDot Pixis
32%
Survey Corps Special Ops SquadPetra Ral
31%
104th Trainees Squad InstructorKeith Shadis
26%
Wall Cult memberPastor Nick
19%
Military Police memberHitch
16%
104th Trainees SquadMina Carolina
16%
104th Trainees SquadThomas Wagner
15%
Survey Corps Special Ops SquadErd Gin
14%
Survey Corps memberMike Zacharius
12%
Military Police ChiefNile Dawk
12%
Survey Corps Special Ops SquadAuruo Bossard
9%
Survey Corps Special Ops SquadGunther Schultz
9%
Survey Corps memberNanaba
9%
104th Trainees SquadDazz
8%
Survey Corps member (2nd in command of said squad)Moblit Berner
8%
Head of all Military DivisionsDarius Zackley
7%
104th Trainees SquadSamuel
7%
104th Trainees SquadFranz
6%
104th Trainees SquadHannah
6%
Survey Corps member (diary)Ilse Langnar
6%
Military Police memberMarlo Freudenberg
6%
Garrison (leader of a squad)Rico Brzenska
6%
Survey Corps member (horses)Dieter Ness
3%
Survey Corps memberGerger
3%
Garrison memberIan Dietrich
3%
Survey Corps memberLynne
2%
Childhood friend of 104th Trainees Squad's 2nd & 3rdBerrik
1%
Survey Corps memberHenning
1%
Garrison CaptainKitts Verman
1%
Survey Corps memberLuke Siss
1%

Score Distribution

Percentile by Number Answered

Percent of People with Each Score

Your Score History

You have not taken this quiz